000 00742nam a2200205Ii 4500
003 JO-AjNU
008 230605s9999||||xx |||||||||||||| ||und||
017 _a1997/5/646
040 _aJO-AjNU
_bara
_erda
_cJO-AjNU
041 _aara
050 1 4 _aDS62.9.F39 1995
100 3 _aالفواز، كليب سعود,
_eauthor
_914117
245 0 0 _aالمراسلات المتبادلة بين الشريف حسين والعثمانيين 1908-1918: دراسة تحليلية
264 3 1 _aد.م: د.ن، 1995
300 _a298ص
336 _atext
_btxt
_2rdacontent
337 _aunmediated
_bn
_2rdamedia
338 _avolume
_bnc
_2rdacarrier
650 4 _aالتاريخ العربي الاسلامي- الشريف الرضي 1908-1918
_914118
999 _aA3689
_c7257
_d7257